000 01139nam a2200229Ia 4500
003 Ost
005 20260507075319.0
008 260507s9999||||xx |||||||||||||| ||und||
020 _a5084119957
040 _cfsecg
041 _aara
082 _a657.42
100 _aالجبالي، محمود علي
_eمؤلف
245 0 _aمحاسبة التكاليف /
_c محمود علي الجبالي
260 _aعمان:
_bدار وائل للنشر والتوزيع,
_c2000
300 _a277 صفحة؛
_bإيضاحات ؛
_c25 سم
520 _aطبيعة و أهداف و تعريف محاسبة التكاليف، إعداد قوائم التكاليف حسب تبويب عناصر التكاليف، الرقابة و المحاسبة عن تكلفة عنصر الموادو عن عنصر العمل، التكاليف غير المباشرة و قوائم التكاليف ، نظام القوائم الانتاجية و نظام المواحل الانتاجية
653 _aالمحاسبة
653 _aمحاسبة التكاليف
700 _aالسامرائي، قصي
_eمؤلف ثانوي
942 _cكتاب
999 _c43913
_d43913